| 000 | 00959nam a2200253Ia 4500 | ||
|---|---|---|---|
| 003 | OSt | ||
| 005 | 20220923220125.0 | ||
| 006 | a|||||r|||| 00| 0 | ||
| 007 | ta | ||
| 008 | 220922b |||||||| |||| 00| 0 hin d | ||
| 024 | _a184,465 | ||
| 037 | _cTextual | ||
| 040 |
_aARTS _cARTS _bhin |
||
| 041 |
_2hin _ahin |
||
| 082 | _aO152,2:gN5, M0 | ||
| 100 | _aकुमार, रीता | ||
| 245 | 0 |
_aस्वातंत्रयोत्तर हिन्दी नाटक _b मोहन राकेश के विशेष संदर्भ में |
|
| 246 | _aSvātantrayottar hindī nāṭaka: mohan rākesh ke visheṣh sandarbha mean | ||
| 260 |
_aसाहिबाबाद _b विभू प्रकाशन _c1980 |
||
| 300 |
_a386 पृ. _ccm. |
||
| 650 |
_aहिन्दी साहित्य _9156264 |
||
| 942 |
_hO152,2:gN5, M0 _cTEXL _2CC |
||
| 999 |
_c337749 _d337749 |
||